000 00663nam a22001937a 4500
005 20251108172626.0
008 250721s1998 xx 000 0 ara d
082 1 4 _a621,56003/مصط
245 1 0 _aمصطلحات التكييف و التبريد و الأدوات الصحيه /
264 1 _aعمان :
_bمنشورات مجمع اللغه العربيه الأردني،
_c1998.
300 _a92 ص.
650 1 7 _aالهندسة الحرارية
650 1 7 _aالتبريد (الإنعاش )
650 1 7 _aتكييف الهواء
650 1 7 _aأنظمة التبريد
650 1 7 _aمعاجم المفردات
942 _2ddc
_cBK
999 _c84381
_d84381